LIBRARY & INFORMATION CENTRE, KCAET, TAVANUR

ONLINE PUBLIC ACCESS CATALOGUE (OPAC)

Milton and Wordsworth Poets and prophets:A study of their reactions to political events / (Record no. 11680)

MARC details
000 -LEADER
fixed length control field 00455cam a2200157ua 4500
041 ## - LANGUAGE CODE
Language code of text/sound track or separate title eng
082 ## - DEWEY DECIMAL CLASSIFICATION NUMBER
Classification number 828.09
Item number GRI/MI
100 ## - MAIN ENTRY--AUTHOR NAME
Personal name Grievsen, J C .
245 ## - TITLE STATEMENT
Title Milton and Wordsworth Poets and prophets:A study of their reactions to political events /
260 ## - PUBLICATION, DISTRIBUTION, ETC. (IMPRINT)
Place of publication London :
Name of publisher Chatto and Windus ,
Year of publication 1963.
300 ## - PHYSICAL DESCRIPTION
Number of Pages 185 ; .
700 1# - ADDED ENTRY--PERSONAL NAME
Personal name Herbert, .
942 ## - ADDED ENTRY ELEMENTS (KOHA)
Koha item type Books
Holdings
Withdrawn status Lost status Damaged status Home library Current library Date acquired Full call number Accession Number Koha item type
Withdrawn   Damaged KAUAET KAUAET 07/04/2012 828.09 11868 Books
free website counter